000 01102nam a22003257a 4500
003 CHAP
005 20220329134759.0
008 971013s1971 r 00010 d
010 _a25794
011 _a26766
035 _a30867
040 _cCHAP
090 _aFolleto 9470
110 _aInternational Board for Plant Genetic Resources. Working Group on Forages for Mediterranean and Adjacent Semi-arid
_959566
245 _aReport 197 - 19
260 _aRome :
_bThe Working Group,
_c197 - 19
300 _av
500 _aLa biblioteca tiene: 1985
590 _aBATCH-UPD
_b10
_c20130110
_lUCH01
_h2102
590 _aBATCH-UPD
_b10
_c20130410
_lUCH01
_h1415
590 _aBATCH-UPD
_b10
_c20130914
_lUCH01
_h1541
590 _aCONVERSION
_b10
_c20130109
_lUCH01
_h1315
650 1 4 _aGermoplasma.
_947766
650 1 4 _aPastos
_xGenética.
_986038
901 _aBK
942 _cFOLL
949 _aFolleto 9470
_bBC
_cFOLL
_d-71533
_eTS1
_f1985
_i30867
_mD
_si
949 _aFolleto 9470
_bBC
_cFOLL
_d-71534
_eTS2
_f1985 c.2
_i30867
_mD
_si
949 _aFolleto 9470
_bBC
_cFOLL
_d-71535
_eTS2
_f1985 c.3
_i30867
_si
999 _c25794
_d25794